Catalog

Record Details

Catalog Search



Honey mustard #1 / created by Ho-Kyung Yeo ; ... Read More

Hong, Jihae.(Added Author). Rich, Jamie S.(Added Author).

Available copies

  • 1 of 1 copy available at LARL/NWRL Consortium.
  • 1 of 1 copy available at Lake Agassiz Regional Library. (Show preferred library)

Current holds

0 current holds with 1 total copy.

Show Only Available Copies
Location Call Number / Copy Notes Barcode Shelving Location Status Due Date
Breckenridge Public Library Y G YEO (Text) 33500008635260 Main Available -

Record details

  • ISBN: 1595322396 (pbk.) :
  • Physical Description: 166 p. : ill. ; 19 cm.
  • Publisher: Los Angeles, CA : Tokyopop, c2005.

Content descriptions

General Note:
"Manga comedy/romance."--Cover back.
Target Audience Note:
T teen age 13+.
Genre: Comic books, strips, etc.
Graphic novels.
LDR 01091nam a2200289Ia 4500
00165265
003LARL_NWRL_CONSORTIUM
00520060111125908.0
008050819s2005 caua 000 0 eng d
020 . ‡a1595322396 (pbk.) : ‡c$9.99
035 . ‡a(OCoLC)61297266
1001 . ‡aYŏ, Ho-gyŏng, ‡d1974- ‡0(LARL_NWRL_CONSORTIUM)195132
24510. ‡aHoney mustard ‡n#1 / ‡ccreated by Ho-Kyung Yeo ; translation: Jihae Hong ; English adaptation: Jamie S. Rich.
260 . ‡aLos Angeles, CA : ‡bTokyopop, ‡cc2005.
300 . ‡a166 p. : ‡bill. ; ‡c19 cm.
4900 . ‡aHoney mustard ; ‡v1
500 . ‡a"Manga comedy/romance."--Cover back.
5218 . ‡aT teen age 13+.
655 0. ‡aComic books, strips, etc.
655 0. ‡aGraphic novels.
7001 . ‡aHong, Jihae. ‡0(LARL_NWRL_CONSORTIUM)193925
7001 . ‡aRich, Jamie S. ‡0(LARL_NWRL_CONSORTIUM)44377
901 . ‡a65265 ‡bOCLC ‡c65265 ‡tbiblio

Additional Resources